[Event "EU Union-ch"]
[Site "Liverpool"]
[Date "2006.09.12"]
[Round "7"]
[White "Legge, Andrew"]
[Black "McGrane, Stephen"]
[Result "1/2-1/2"]
[WhiteElo "1717"]
[BlackElo "2044"]
[PlyCount "136"]
[EventDate "2006.09.06"]
[EventType "swiss"]
[EventRounds "10"]
[EventCountry "ENG"]
[SourceTitle "CBM 114 Extra"]
[Source "ChessBase"]
[SourceDate "2006.11.03"]
[SourceVersion "1"]
[SourceVersionDate "2006.11.03"]
[SourceQuality "1"]

1. Nf3 Nf6 2. b3 d5 3. e3 g6 4. Bb2 Bg7 5. c4 c6 6. h3 0-0 7. Be2 Nbd7 8. 0-0 Re8 9. d4 Ne4 10. Na3 a6 11. cxd5 cxd5 12. Nc2 Ndf6 13. Nb4 Bd7 14. Nd3 Bb5 15. Nfe5 Nd7 16. Nxd7 Qxd7 17. a4 Bxd3 18. Bxd3 Nf6 19. Qd2 Rec8 20. Rfb1 Ne4 21. Qe1 Rc6 22. f3 Ng5 23. b4 Rf6 24. Qg3 Bh6 25. Bc1 Rc8 26. Bd2 Qd6 27. Qxd6 Rxd6 28. b5 axb5 29. axb5 Ne6 30. f4 Bg7 31. Kf1 Rd7 32. Ra7 Nd8 33. Ke2 e6 34. Rba1 Bf8 35. Ra8 Rxa8 36. Rxa8 Kg7 37. Ba5 Be7 38. Bb6 f6 39. Bc2 Nf7 40. Bc5 Bxc5 41. dxc5 Rc7 42. b6 Rxc5 43. Ba4 Rc4 44. Bd7 e5 45. Be6 Rc6 46. Re8 Nd6 47. Re7+ Kf8 48. Rxh7 d4 49. fxe5 fxe5 50. exd4 exd4 51. Kd3 Rxb6 52. Kxd4 Rb2 53. Ke5 Rd2 54. Bd5 Nf5 55. Kf6 Ke8 56. Bxb7 Rd6+ 57. Kg5 Kf8 58. Rc7 Ne7 59. Bf3 Re6 60. Rc5 Rd6 61. Ra5 Kg7 62. Re5 Kf7 63. Be4 Rd2 64. Bf3 Rd6 65. h4 Kf8 66. g4 Kf7 67. h5 gxh5 68. gxh5 Re6 1/2-1/2

[Event "EU Union-ch"]
[Site "Liverpool"]
[Date "2006.09.11"]
[Round "6"]
[White "Peacock, Malcolm R"]
[Black "Legge, Andrew"]
[Result "1-0"]
[WhiteElo "2079"]
[BlackElo "1717"]
[PlyCount "143"]
[EventDate "2006.09.06"]
[EventType "swiss"]
[EventRounds "10"]
[EventCountry "ENG"]
[SourceTitle "CBM 114 Extra"]
[Source "ChessBase"]
[SourceDate "2006.11.03"]
[SourceVersion "1"]
[SourceVersionDate "2006.11.03"]
[SourceQuality "1"]

1. c4 e5 2. g3 Nf6 3. Bg2 d5 4. cxd5 Nxd5 5. Nf3 Nc6 6. 0-0 Nb6 7. d3 Be7 8. Nbd2 0-0 9. a3 a5 10. b3 Be6 11. Bb2 f6 12. Rc1 Rf7 13. Qc2 Bf8 14. Rfd1 Rd7 15. Nc4 Nxc4 16. bxc4 a4 17. Rb1 Ra7 18. Nd2 Bc5 19. Ne4 Be7 20. e3 Bf5 21. Qc3 Qe8 22. d4 Qg6 23. Qc2 exd4 24. exd4 Nd8 25. Qe2 b6 26. Rbc1 Bf8 27. Rc3 Re7 28. Re3 Kh8 29. Re1 c6 30. d5 cxd5 31. cxd5 Re8 32. Bd4 Rae7 33. Bxb6 Bg4 34. f3 f5 35. fxg4 Rxe4 36. Qb5 Rxe3 37. Rxe3 Rxe3 38. Bxe3 Bxa3 39. Qxa4 Qd6 40. Qe8+ Qf8 41. Qxf8+ Bxf8 42. gxf5 Nf7 43. Kf2 Nd6 44. g4 h5 45. h3 Be7 46. Kf3 hxg4+ 47. hxg4 Kg8 48. Bf1 Kf7 49. Bd3 Kf6 50. Bd4+ Kf7 51. Kf4 Bf6 52. Be5 Ke7 53. g5 Bxe5+ 54. Kxe5 Nf7+ 55. Kf4 Nd6 56. Be2 Nf7 57. Bh5 Nd6 58. Ke5 Nc4+ 59. Kd4 Nd6 60. Bg6 Kd7 61. f6 gxf6 62. gxf6 Nb7 63. Ke5 Nd8 64. Bh5 Nb7 65. Bf7 Nd8 66. Be6+ Ke8 67. Kd6 Nb7+ 68. Kc6 Na5+ 69. Kc7 Nc4 70. d6 Ne5 71. f7+ Kf8 72. d7 1-0